Slovník literárních směrů a skupin
Gespeichert in:
| Format: | Buch |
|---|---|
| Sprache: | Tschechisch |
| Veröffentlicht: |
Praha :
Orbis,
1977
|
| Ausgabe: | 1.vyd. |
| Tags: |
Keine Tags, Fügen Sie das erste Tag hinzu!
|
MARC
| LEADER | 00000nam a22000003a 4500 | ||
|---|---|---|---|
| 001 | stu6741 | ||
| 005 | 20150408182036.9 | ||
| 008 | 940826s1977----cs------------------cze-d | ||
| 040 | |a STU |b slo | ||
| 041 | 0 | |a cze | |
| 044 | |a cs | ||
| 080 | |a 82 | ||
| 245 | |a Slovník literárních směrů a skupin | ||
| 250 | |a 1.vyd. | ||
| 260 | |a Praha : |b Orbis, |c 1977 | ||
| 300 | |a 349 s | ||
| 996 | |b 284EK07445 |c E*41357 |l EE01 |s A |a 24 |w stu6741_0001 | ||